Advances in neuroscience : (Record no. 128224)
[ view plain ]
| 000 -LEADER | |
|---|---|
| fixed length control field | 01566cam a22003497a 4500 |
| 001 - CONTROL NUMBER | |
| control field | 13393329 |
| 003 - CONTROL NUMBER IDENTIFIER | |
| control field | ARRUPE |
| 005 - DATE AND TIME OF LATEST TRANSACTION | |
| control field | 20180920154144.0 |
| 008 - FIXED-LENGTH DATA ELEMENTS--GENERAL INFORMATION | |
| fixed length control field | 031104s2003 mouac b 101 0 eng d |
| 010 ## - LIBRARY OF CONGRESS CONTROL NUMBER | |
| LC control number | 2003273735 |
| 020 ## - INTERNATIONAL STANDARD BOOK NUMBER | |
| International Standard Book Number | 1885583117 |
| 035 ## - SYSTEM CONTROL NUMBER | |
| System control number | (OCoLC)ocm52260282 |
| 040 ## - CATALOGING SOURCE | |
| Original cataloging agency | XII |
| Transcribing agency | XII |
| Modifying agency | DLC |
| 042 ## - AUTHENTICATION CODE | |
| Authentication code | lccopycat |
| 050 00 - LIBRARY OF CONGRESS CALL NUMBER | |
| Classification number | RC327 |
| Item number | .I847 2002 |
| 082 00 - DEWEY DECIMAL CLASSIFICATION NUMBER | |
| Classification number | 612.8 |
| Edition number | 22 |
| 300 ## - PHYSICAL DESCRIPTION | |
| Other physical details | ill., ports ; |
| Dimensions | 23 cm. |
| 100 ## - MAIN ENTRY--PERSONAL NAME | |
| Personal name | Institute for Theological Encounter with Science and Technology. |
| 9 (RLIN) | 42439 |
| 111 2# - MAIN ENTRY--MEETING NAME | |
| Meeting name or jurisdiction name as entry element | ITEST Workshop |
| Date of meeting | (2002 : |
| Location of meeting | Saint Louis, Mo.) |
| 9 (RLIN) | 42440 |
| 245 10 - TITLE STATEMENT | |
| Title | Advances in neuroscience : |
| Remainder of title | social, moral, philosophical, theological implications : proceedings of the ITEST workshop, September, 2002. |
| 260 ## - PUBLICATION, DISTRIBUTION, ETC. (IMPRINT) | |
| Place of publication, distribution, etc | St. Louis, Mo. : |
| Name of publisher, distributor, etc | ITEST Faith/Science Press, |
| Date of publication, distribution, etc | c2003. |
| 300 ## - PHYSICAL DESCRIPTION | |
| Extent | iii, 230 p. : |
| 504 ## - BIBLIOGRAPHY, ETC. NOTE | |
| Bibliography, etc | Includes bibliographical references and index. |
| 650 #0 - SUBJECT ADDED ENTRY--TOPICAL TERM | |
| Topical term or geographic name as entry element | Neurosciences |
| General subdivision | Moral and ethical aspects |
| Form subdivision | Congresses. |
| 9 (RLIN) | 42441 |
| 650 #0 - SUBJECT ADDED ENTRY--TOPICAL TERM | |
| Topical term or geographic name as entry element | Neurosciences |
| General subdivision | Social aspects |
| Form subdivision | Congresses. |
| 9 (RLIN) | 42442 |
| 650 #0 - SUBJECT ADDED ENTRY--TOPICAL TERM | |
| Topical term or geographic name as entry element | Neurosciences |
| General subdivision | Philosophy |
| Form subdivision | Congresses. |
| 9 (RLIN) | 42443 |
| 650 #0 - SUBJECT ADDED ENTRY--TOPICAL TERM | |
| Topical term or geographic name as entry element | Neurology |
| General subdivision | Moral and ethical aspects |
| Form subdivision | Congresses. |
| 9 (RLIN) | 42444 |
| 650 #0 - SUBJECT ADDED ENTRY--TOPICAL TERM | |
| Topical term or geographic name as entry element | Theological anthropology |
| General subdivision | Christianity |
| Form subdivision | Congresses. |
| 9 (RLIN) | 2005 |
| 650 #0 - SUBJECT ADDED ENTRY--TOPICAL TERM | |
| Topical term or geographic name as entry element | Religion and science |
| Form subdivision | Congresses. |
| 9 (RLIN) | 15351 |
| 650 #0 - SUBJECT ADDED ENTRY--TOPICAL TERM | |
| Topical term or geographic name as entry element | Bioethics |
| General subdivision | Religious aspects |
| -- | Christianity |
| Form subdivision | Congresses. |
| 9 (RLIN) | 42445 |
| 650 #0 - SUBJECT ADDED ENTRY--TOPICAL TERM | |
| Topical term or geographic name as entry element | Medical ethics |
| General subdivision | Religious aspects |
| -- | Christianity |
| Form subdivision | Congresses. |
| 9 (RLIN) | 42446 |
| 906 ## - LOCAL DATA ELEMENT F, LDF (RLIN) | |
| a | 7 |
| b | cbc |
| c | copycat |
| d | 2 |
| e | ncip |
| f | 20 |
| g | y-gencatlg |
| 942 ## - ADDED ENTRY ELEMENTS (KOHA) | |
| Source of classification or shelving scheme | Library of Congress Classification |
| Koha item type | Monograph ( Printed materials) |
| Withdrawn status | Lost status | Source of classification or shelving scheme | Damaged status | Not for loan | Home library | Current library | Date acquired | Total Checkouts | Full call number | Barcode | Date last seen | Price effective from | Koha item type |
|---|---|---|---|---|---|---|---|---|---|---|---|---|---|
| Library of Congress Classification | ARRUPE LIBRARY | ARRUPE LIBRARY | 20/09/2018 | RC327 .I847 2002 | 46600002045 | 20/09/2018 | 20/09/2018 | Monograph ( Printed materials) |